Top 3 records signings by football leagues - Statistics

General Stats
  • This quiz has been taken 34 times
  • The average score is 16 of 45
Answer Stats
League Fee From To Player's Name % Correct
Premier League 116,60m € West Ham Arsenal Declan Rice
94%
Bundesliga 100,00m € Tottenham Bayern Munich Harry Kane
94%
Premier League 117,50m € Aston Villa Manchester City Jack Grealish
94%
LaLiga 135,00m € Liverpool Barcelona Philippe Coutinho
94%
Serie A 117,00m € Real Madrid Juventus Cristiano Ronaldo
91%
LaLiga 135,00m € Borussia Dortmund Barcelona Ousmane Dembélé
91%
Premier League 121,00m € Benfica Chelsea Enzo Fernández
85%
LaLiga 127,20m € Benfica Atlético Madrid João Félix
85%
Ligue 1 180,00m € As Monaco Paris Saint-Germain Kylian Mbappé
82%
Ligue 1 222,00m € Barcelona Paris Saint-Germain Neymar
82%
Serie A 85,50m € Ajax Juventus Matthijs de Ligt
76%
Ligue 1 95,00m € Eintracht Frankfurt Paris Saint-Germain Randal Kolo Muani
61%
Serie A 90,00m € Napoli Juventus Gonzalo Higuaín
55%
Saudi Pro League 90,00m € Paris Saint-Germain Al-Hilal Neymar
52%
Bundesliga 80,00m € Atlético Madrid Bayern Munich Lucas Hernández
45%
Brasileirão 15,00m € AC Milan Corinthians Alexandre Pato
39%
Eredivisie 31,25m € Tottenham Ajax Steven Bergwijn
39%
Liga Portugal 44,25m € River Plate Benfica Enzo Fernández
36%
Bundesliga 67,00m € Juventus Bayern Munich Matthijs de Ligt
33%
Brasileirão 17,50m € Inter Milan Flamengo Gabriel Barbosa
27%
Brasileirão 15,00m € Marseille Flamengo Gerson
24%
Saudi Pro League 60,00m € Porto Al-Nassr Otávio
24%
Championship 30,00m € Valencia Leeds United Rodrigo
24%
Eredivisie 22,50m € West Ham Ajax Sébastien Haller
24%
Eredivisie 23,00m € Rangers Ajax Calvin Bassey
21%
Liga Portugal 34,00m € UD Almería Benfica Darwin Núñez
21%
Scottish Premiership 16,20m € Benfica Celtic Jota
18%
Saudi Pro League 60,00m € Zenit St. Petersburg Al-Hilal Malcolm
18%
Championship 29,50m € Wolverhampton Nottingham Forest Morgan Gibbs-White
18%
Championship 30,00m € OGC Nice Fulham Jean Michaël Seri
15%
Liga Portugal 25,00m € Feyenoord Benfica Orkun Kökcü
12%
Scottish Premiership 18,00m € Chelsea Rangers Tore André Flo
12%
MLS 14,50m € River Plate Atlanta Pity Martínez
9%
MLS 14,55m € Vélez Sarsfield Atlanta Thiago Almada
9%
Jupiler Pro League 11,74m € Inter Milan Standard de Liège Zinho Vanheusden
9%
Süper Lig 15,00m € Marseille Fenerbahçe Cengiz Ünder
6%
MLS 12,28m € Independiente Atlanta Esequiel Barco
6%
Liga Profesional de Fùtbol 7,00m € Benfica Boca Juniors Eduardo Salvio
3%
Süper Lig 17,05m € Porto Galatasaray Jardel
3%
Jupiler Pro League 9,70m € Steaua Bucarest RSC Anderlecht (<3) Nicoale Stanciu
3%
Süper Lig 15,00m € As Roma Galatasaray Nicolò Zaniolo
3%
Scottish Premiership 10,30m € Paris Saint-Germain Celtic Odsonne Edouard
3%
Jupiler Pro League 17,00m € Benfica Club Brugges Roman Yaremchuk
3%
Liga Profesional de Fùtbol 7,50m € CD Cruz Azul Boca Juniors Iván Marcone
0%
Liga Profesional de Fùtbol 11,50m € São Paulo River Plate Lucas Pratoo
0%
No matching quizzes found
Score Distribution
Percent of People with Each Score
Percentile by Number Answered
Your Score History
You have not taken this quiz